Penzión s reštauráciou - Cesta na Červený most
Salvato in:
| Autore principale: | |
|---|---|
| Altri autori: | |
| Natura: | Manoscritto Libro |
| Lingua: | slovacco |
| Pubblicazione: |
Bratislava :
STU v Bratislave FA,
2010
|
| Soggetti: | |
| Accesso online: | VAIS |
| Tags: |
Nessun Tag, puoi essere il primo ad aggiungerne!!
|
MARC
| LEADER | 00000ntm a22000003a 4500 | ||
|---|---|---|---|
| 001 | stu218292 | ||
| 005 | 20210727070052.7 | ||
| 008 | 101203s2010----xo------------------slo-d | ||
| 040 | |a STU |b slo | ||
| 041 | 0 | |a slo | |
| 044 | |a xo | ||
| 100 | 1 | |a Kubranová, Kristína, |d 1986- |4 aut |u A |T FAD Fakulta architektúry |X 39866 |U A |Y 50 |7 A000039866 | |
| 242 | 0 | 0 | |a Pension mit Restaurant, Cesta na Červený Most, Bratislava |y eng |
| 245 | 1 | |a Penzión s reštauráciou - Cesta na Červený most | |
| 260 | |a Bratislava : |b STU v Bratislave FA, |c 2010 | ||
| 650 | 7 | |a architektúra a urbanizmus |2 stusub | |
| 650 | 7 | |a Architecture and Urban Design |2 estusub | |
| 650 | 7 | |a penzión |2 stusub | |
| 650 | 7 | |a reštaurácia |2 stusub | |
| 650 | 7 | |a Cesta na Červený most |2 stusub | |
| 700 | 1 | |a Kalesný, František, |d 1951- |4 ths |u A4140 |U FAD Fakulta architektúry |U FAD Fakulta architektúry |T FA Ústav konštrukcií v architektúre a inžinierskych stavieb |X 400 |U A4140 |Y 395 |7 A000000400 | |
| 856 | 4 | |a info a plný text |u http://is.stuba.sk/zp/portal_zp.pl?podrobnosti=4042 |u https://opac.crzp.sk/?fn=detailBiblioForm&sid=4156E77560192824B5631996D6BB |3 VAIS | |